000 01077nam a2200253 i 4500
001 122999
003 ES-MaACL
005 20230906192103.0
008 070214m19581960sp a |||| | spa d
035 _a669:543
245 0 0 _aAnálisis de metales :
_bmétodos de control industrial /
_cO. Proske, director ; H. Blumenthal y F. Ensslin, directores adjuntos ; traducción española y prólogo por Francisco Muñoz del Corral, José Mª Bermúdez de Castro y Mosquera, y Ramón Suárez Acosta.
260 _aMadrid :
_bAguilar,
_c1958-1960.
300 _a2 v. :
_bil. ;
_c25 cm.
594 _aPrecede al tít.: Comisión Especial de Químicos de la Sociedad de Metalúrgicos y Mineros Alemanes.
650 4 _aMetales-
_xAnálisis.
_9170903
700 1 _aMuñoz del Corral, Francisco.
_984396
700 1 _aBermúdez de Castro y Mosquera, José María.
_928143
700 1 _aSuárez Acosta, Ramón.
_9108584
700 1 _aProske, O.
_9198610
700 1 _aBlumenthal, H.
_929593
700 1 _aEnsslin, F.
_947303
852 4 _aES-MaACL
_jC-24008-09
999 _c122999
_d122999